[Event "FRA-ch U18"]
[Site "Aix les Bains"]
[Date "2009.04.22"]
[Round "5"]
[White "Martin, Alexandre"]
[Black "Tachikart, Yassin"]
[Result "0-1"]
[WhiteElo "1817"]
[BlackElo "2107"]
[PlyCount "86"]
[EventDate "2009.04.19"]
[EventType "swiss"]
[EventRounds "9"]
[EventCountry "FRA"]
[SourceTitle "CBM 130 Extra"]
[Source "ChessBase"]
[SourceDate "2009.07.02"]
[SourceVersion "2"]
[SourceVersionDate "2009.07.15"]
[SourceQuality "1"]

1. e4 e5 2. Nf3 Nc6 3. Bb5 a6 4. Ba4 Nf6 5. 0-0 Be7 6. c3 b5 7. Bc2 0-0 8. Re1 Bb7 9. d4 d6 10. a4 exd4 11. cxd4 Nb4 12. Bd2 Nxc2 13. Qxc2 d5 14. e5 Ne4 15. axb5 axb5 16. Nc3 b4 17. Na2 c5 18. dxc5 Bxc5 19. Bxb4 Bxf2+ 20. Kh1 Bxe1 21. Bxf8 Qb6 22. Ba3 Bd2 23. Rf1 Be3 24. Nc3 Rc8 25. Qa4 d4 26. Nxe4 Bxe4 27. Qd7 Qb7 28. e6 fxe6 29. Qxe6+ Kh8 30. Qd6 Bxf3 31. gxf3 h6 32. Qg6 Qb5 33. Re1 Qa5 34. Rd1 Qd5 35. Qe4 Qf7 36. Kg2 Re8 37. Qg4 Qb3 38. Rf1 Qc2+ 39. Kh3 d3 40. Qg6 Re5 41. Bd6 Qc8+ 42. Qg4 Rh5+ 43. Kg2 Rg5 0-1

[Event "FRA-ch U18"]
[Site "Aix les Bains"]
[Date "2009.04.21"]
[Round "4"]
[White "Tachikart, Yassin"]
[Black "Vidal, Llewellyn"]
[Result "1/2-1/2"]
[WhiteElo "2107"]
[BlackElo "1909"]
[PlyCount "92"]
[EventDate "2009.04.19"]
[EventType "swiss"]
[EventRounds "9"]
[EventCountry "FRA"]
[SourceTitle "CBM 130 Extra"]
[Source "ChessBase"]
[SourceDate "2009.07.02"]
[SourceVersion "2"]
[SourceVersionDate "2009.07.15"]
[SourceQuality "1"]

1. d4 Nf6 2. c4 c5 3. d5 b5 4. Nf3 e6 5. Bg5 h6 6. Bxf6 Qxf6 7. Qc2 bxc4 8. Nc3 Na6 9. a3 Rb8 10. e4 exd5 11. exd5 Be7 12. Bxc4 0-0 13. 0-0 d6 14. Rfe1 Nc7 15. Bd3 Bg4 16. Nd2 Rfe8 17. Re3 Bf8 18. Nde4 Qd4 19. Rae1 f5 20. Ng3 f4 21. Rxe8 Nxe8 22. Nf5 Bxf5 23. Bxf5 Nc7 24. Re4 Qf6 25. Be6+ Kh8 26. Qd2 g5 27. h4 Bg7 28. hxg5 hxg5 29. Re2 Qg6 30. Bg4 Be5 31. a4 Kg7 32. Qe1 Re8 33. Qd2 Qh6 34. Bh3 Qh4 35. f3 Qh6 36. Kh1 Qg6 37. Re1 Bd4 38. Rxe8 Qxe8 39. Kh2 Qe3 40. Qd1 Bxc3 41. bxc3 Qxc3 42. Qb1 Qf6 43. Qb7 Qe7 44. Be6 Kf6 45. Qb2+ Kg6 46. Qc2+ Kh6 1/2-1/2

[Event "FRA-chT1A 0809"]
[Site "France"]
[Date "2009.04.05"]
[Round "11.6"]
[White "Boursier, Julien"]
[Black "Tachikart, Yassin"]
[Result "1-0"]
[WhiteElo "2072"]
[BlackElo "2097"]
[PlyCount "63"]
[EventDate "2008.10.19"]
[EventType "tourn"]
[EventRounds "11"]
[EventCountry "FRA"]
[SourceTitle "EXT 2010"]
[Source "ChessBase"]
[SourceDate "2010.11.25"]
[SourceVersion "1"]
[SourceVersionDate "2010.11.25"]
[SourceQuality "1"]
[WhiteTeam "Nice"]
[BlackTeam "Belfort"]
[WhiteTeamCountry "FRA"]
[BlackTeamCountry "FRA"]

1. d4 d5 2. c4 c6 3. cxd5 cxd5 4. Nf3 Nc6 5. Nc3 Nf6 6. e3 a6 7. Bd3 e6 8. 0-0 Bd6 9. Qe2 0-0 10. Rd1 Re8 11. e4 dxe4 12. Nxe4 Be7 13. Bg5 Nd5 14. Bxe7 Ncxe7 15. Neg5 Ng6 16. g3 Bd7 17. h4 f6 18. h5 Nf8 19. Ne4 Bc6 20. Rac1 Rc8 21. Nc5 Kh8 22. a3 Nb6 23. Be4 Nd5 24. Nd2 Nd7 25. b4 Nxc5 26. dxc5 Qc7 27. Nc4 Bb5 28. Qc2 Bxc4 29. Qxc4 Nb6 30. Qd3 Red8 31. cxb6 Rxd3 32. bxc7 1-0

[Event "FRA-chT1A 0809"]
[Site "France"]
[Date "2008.10.19"]
[Round "1.4"]
[White "Tachikart, Yassin"]
[Black "Lerch, Patrice"]
[Result "1-0"]
[WhiteElo "2097"]
[BlackElo "2339"]
[PlyCount "81"]
[EventDate "2008.10.19"]
[EventType "tourn"]
[EventRounds "11"]
[EventCountry "FRA"]
[SourceTitle "EXT 2010"]
[Source "ChessBase"]
[SourceDate "2010.11.25"]
[SourceVersion "1"]
[SourceVersionDate "2010.11.25"]
[SourceQuality "1"]
[WhiteTeam "Belfort"]
[BlackTeam "Mulhouse II"]
[WhiteTeamCountry "FRA"]
[BlackTeamCountry "FRA"]

1. d4 Nf6 2. c4 e6 3. Nc3 Bb4 4. Qc2 c5 5. dxc5 0-0 6. Bg5 Qa5 7. Bxf6 gxf6 8. e3 f5 9. Nge2 Nc6 10. a3 Bxc5 11. Rd1 Be7 12. Nd4 Nxd4 13. exd4 b5 14. cxb5 Bb7 15. Be2 Kh8 16. d5 Bf6 17. 0-0 Rac8 18. Qd2 Rfd8 19. Qh6 Bxc3 20. bxc3 Qxc3 21. Rd3 Qc7 22. Qh4 Rg8 23. Rg3 Qe5 24. dxe6 dxe6 25. Bf3 Bxf3 26. Rxf3 Rg4 27. Qe7 Rc7 28. Qd8+ Rg8 29. Qh4 Rd7 30. Rg3 Rxg3 31. hxg3 Rd4 32. Qe7 Kg7 33. Qxa7 h5 34. b6 Rd2 35. a4 f4 36. gxf4 Qxf4 37. b7 Rb2 38. a5 h4 39. a6 h3 40. Qe3 Qc4 41. Qe5+ 1-0

[Event "FRA-ch U18"]
[Site "La Roche sur Yon"]
[Date "2008.04.23"]
[Round "5"]
[White "Tachikart, Yassin"]
[Black "Blum, Nicolas"]
[Result "1/2-1/2"]
[WhiteElo "2111"]
[BlackElo "2180"]
[PlyCount "85"]
[EventDate "2008.04.21"]
[EventType "swiss"]
[EventRounds "9"]
[EventCountry "FRA"]
[SourceTitle "EXT 2010"]
[Source "ChessBase"]
[SourceDate "2010.11.25"]
[SourceVersion "1"]
[SourceVersionDate "2010.11.25"]
[SourceQuality "1"]

1. d4 Nf6 2. c4 e6 3. Nc3 Bb4 4. Qc2 c5 5. dxc5 0-0 6. a3 Bxc5 7. Nf3 b6 8. Bg5 Bb7 9. e4 h6 10. Bh4 Be7 11. Be2 Nh5 12. Bxe7 Qxe7 13. Qd2 Nf6 14. e5 Ne4 15. Nxe4 Bxe4 16. Qf4 Bb7 17. 0-0 Nc6 18. Rad1 Rac8 19. Rd2 Na5 20. Rfd1 Rfd8 21. Rd4 Nb3 22. Rd6 Rc6 23. Nd2 Nxd2 24. R6xd2 Rc7 25. Bh5 g6 26. Be2 Qg5 27. Qxg5 hxg5 28. b4 Kg7 29. g3 Ba6 30. Rd4 f5 31. exf6+ Kxf6 32. Bf1 Ke5 33. f3 Bb7 34. Bg2 Ba6 35. b5 Bb7 36. Kf2 Kf6 37. f4 Bxg2 38. fxg5+ Kxg5 39. Kxg2 Kf6 40. Kf3 d5 41. a4 Rc5 42. cxd5 exd5 43. Kf4 1/2-1/2

[Event "Cappelle op 24th"]
[Site "Cappelle la Grande"]
[Date "2008.02.20"]
[Round "6"]
[White "Kanarek, Marcel"]
[Black "Tachikart, Yassin"]
[Result "1-0"]
[WhiteElo "2348"]
[BlackElo "2098"]
[PlyCount "83"]
[EventDate "2008.02.16"]
[EventType "swiss"]
[EventRounds "9"]
[EventCountry "FRA"]
[SourceTitle "CBM 122 Extra"]
[Source "ChessBase"]
[SourceDate "2008.03.04"]
[SourceVersion "1"]
[SourceVersionDate "2008.03.04"]
[SourceQuality "1"]

1. e4 e5 2. Nf3 Nc6 3. Bb5 a6 4. Ba4 Nf6 5. 0-0 Be7 6. Re1 b5 7. Bb3 0-0 8. h3 d6 9. c3 Na5 10. Bc2 c5 11. d4 Qc7 12. Nbd2 Nc6 13. d5 Nd8 14. Nf1 Ne8 15. g4 g6 16. Bh6 Ng7 17. Ng3 f6 18. Qd2 Nf7 19. Be3 Bd7 20. b4 c4 21. a4 Rfb8 22. Kg2 Qc8 23. Kh2 Kh8 24. Rg1 Bd8 25. a5 Be7 26. Ne1 f5 27. gxf5 gxf5 28. exf5 Nxf5 29. Nxf5 Bxf5 30. Nf3 Qd7 31. Nd4 Bxc2 32. Qxc2 exd4 33. Bxd4+ Ne5 34. f4 Bf6 35. fxe5 dxe5 36. Bc5 Qxd5 37. Raf1 Bg7 38. Rxg7 Kxg7 39. Qf5 Qd2+ 40. Rf2 Qxf2+ 41. Bxf2 Re8 42. Bg3 1-0

[Event "FRA-chT1B 0708"]
[Site "France"]
[Date "2007.12.15"]
[Round "4.7"]
[White "Graca, Robert"]
[Black "Tachikart, Yassin"]
[Result "1-0"]
[WhiteElo "2067"]
[BlackElo "2074"]
[PlyCount "63"]
[EventDate "2007.10.21"]
[EventType "team-tourn"]
[EventRounds "11"]
[EventCountry "FRA"]
[SourceTitle "EXT 2009"]
[Source "ChessBase"]
[SourceDate "2008.11.26"]
[SourceVersion "1"]
[SourceVersionDate "2008.11.26"]
[SourceQuality "1"]
[WhiteTeam "Creteil"]
[BlackTeam "Belfort"]
[WhiteTeamCountry "FRA"]
[BlackTeamCountry "FRA"]

1. d4 d5 2. c4 c6 3. Nf3 Nf6 4. Nc3 dxc4 5. e4 b5 6. e5 Nd5 7. a4 Nxc3 8. bxc3 e6 9. axb5 cxb5 10. Ng5 Qc7 11. Qh5 h6 12. Be2 Rg8 13. Bf3 g6 14. Qh3 Nc6 15. Ne4 Be7 16. Qxh6 Bb7 17. Qh7 Rf8 18. Bh6 Nxe5 19. dxe5 Bxe4 20. Bxe4 Qxe5 21. 0-0 Qxe4 22. Bxf8 Bxf8 23. Qh8 Kd7 24. Qf6 Ke8 25. Rfd1 Bc5 26. Ra2 Be7 27. Qh8+ Bf8 28. Rad2 Rc8 29. Rd7 Qf4 30. g3 Qf5 31. Qd4 Be7 32. Rxe7+ 1-0

[Event "FRA-chT2 East 0607"]
[Site "France"]
[Date "2007.04.01"]
[Round "11.7"]
[White "Tachikart, Yassin"]
[Black "Schmucker, Marie Christine"]
[Result "1-0"]
[WhiteElo "2084"]
[BlackElo "1499"]
[PlyCount "79"]
[EventDate "2006.10.15"]
[EventType "team-tourn"]
[EventRounds "11"]
[EventCountry "FRA"]
[SourceTitle "EXT 2008"]
[Source "ChessBase"]
[SourceDate "2007.11.25"]
[SourceVersion "1"]
[SourceVersionDate "2007.11.25"]
[SourceQuality "1"]
[WhiteTeam "Belfort"]
[BlackTeam "Sarreguemines"]
[WhiteTeamCountry "FRA"]
[BlackTeamCountry "FRA"]

1. d4 b6 2. c4 Bb7 3. Nc3 e6 4. e4 Nf6 5. e5 Ne4 6. Nxe4 Bxe4 7. f3 Bb7 8. a3 Be7 9. Be3 d6 10. exd6 cxd6 11. Bd3 Nd7 12. Rc1 0-0 13. Ne2 Qc7 14. 0-0 e5 15. d5 b5 16. cxb5 Qa5 17. Nc3 a6 18. bxa6 Bxa6 19. Bxa6 Qxa6 20. Qe2 Rfb8 21. Qxa6 Rxa6 22. Rf2 Nb6 23. Bxb6 Raxb6 24. b4 Bg5 25. Re1 Ra8 26. Ra2 Rba6 27. a4 h6 28. Kf1 Rb6 29. b5 Rc8 30. Ne4 Be7 31. Rb1 Rc4 32. a5 Rb8 33. a6 g6 34. a7 Ra8 35. b6 Bd8 36. b7 Rxa7 37. Rxa7 Bc7 38. Ra8+ Kg7 39. Rc8 f6 40. Rxc7+ 1-0

[Event "FRA-chT2 East 0607"]
[Site "France"]
[Date "2007.03.31"]
[Round "10.7"]
[White "Rachedi, Abdessalem"]
[Black "Tachikart, Yassin"]
[Result "0-1"]
[WhiteElo "2031"]
[BlackElo "2084"]
[PlyCount "152"]
[EventDate "2006.10.15"]
[EventType "team-tourn"]
[EventRounds "11"]
[EventCountry "FRA"]
[SourceTitle "EXT 2008"]
[Source "ChessBase"]
[SourceDate "2007.11.25"]
[SourceVersion "1"]
[SourceVersionDate "2007.11.25"]
[SourceQuality "1"]
[WhiteTeam "Mundolsheim"]
[BlackTeam "Belfort"]
[WhiteTeamCountry "FRA"]
[BlackTeamCountry "FRA"]

1. d4 d5 2. c4 c6 3. Nc3 Nf6 4. e3 a6 5. Nf3 Bf5 6. Qb3 b5 7. c5 Nbd7 8. a4 e6 9. axb5 axb5 10. Rxa8 Qxa8 11. Qa3 Qb7 12. b4 Be7 13. Be2 0-0 14. 0-0 Ra8 15. Qb2 Bg4 16. Bd3 Bxf3 17. gxf3 e5 18. Bf5 exd4 19. exd4 Nf8 20. Re1 h6 21. Bf4 Ng6 22. Bg3 Nh5 23. Bxg6 fxg6 24. Be5 Rf8 25. Qe2 Bg5 26. Bd6 Ra8 27. Qe6+ Kh7 28. Ne2 Bd2 29. Rb1 Ra4 30. f4 Nf6 31. f5 Qd7 32. fxg6+ Kxg6 33. Nf4+ Bxf4 34. Qxd7 Bxh2+ 35. Kxh2 Nxd7 36. Kg3 Kf5 37. f3 Nf6 38. Be5 g6 39. Bd6 Nh5+ 40. Kf2 Nf4 41. Rb3 Ra2+ 42. Kf1 Ne6 43. Be5 h5 44. Re3 g5 45. Bh8 Nf4 46. Re5+ Kg6 47. Re8 Ra1+ 48. Kf2 Nd3+ 49. Kg2 Ra2+ 50. Kf1 Rf2+ 51. Kg1 Rxf3 52. Re6+ Kh7 53. Bf6 Nxb4 54. Kg2 g4 55. Be5 h4 56. Re7+ Kg6 57. Rg7+ Kf5 58. Rf7+ Ke4 59. Re7 Kd3 60. Rg7 h3+ 61. Kg1 g3 62. Bxg3 Rxg3+ 63. Rxg3+ Kxd4 64. Rxh3 Kxc5 65. Kf2 Kc4 66. Ke2 d4 67. Kd2 c5 68. Rh1 Nd5 69. Rc1+ Nc3 70. Ra1 b4 71. Kc1 Kb3 72. Ra5 c4 73. Re5 d3 74. Kd2 Kb2 75. Re3 Nb1+ 76. Kd1 c3 0-1

[Event "FRA-chT2 East 0607"]
[Site "France"]
[Date "2007.03.18"]
[Round "9.7"]
[White "Tachikart, Yassin"]
[Black "Gallini, Patrice"]
[Result "1/2-1/2"]
[WhiteElo "2084"]
[BlackElo "2035"]
[PlyCount "53"]
[EventDate "2006.10.15"]
[EventType "team-tourn"]
[EventRounds "11"]
[EventCountry "FRA"]
[SourceTitle "EXT 2008"]
[Source "ChessBase"]
[SourceDate "2007.11.25"]
[SourceVersion "1"]
[SourceVersionDate "2007.11.25"]
[SourceQuality "1"]
[WhiteTeam "Belfort"]
[BlackTeam "Gueugnon"]
[WhiteTeamCountry "FRA"]
[BlackTeamCountry "FRA"]

1. d4 e6 2. c4 Nf6 3. Nc3 d5 4. e3 c5 5. cxd5 Nxd5 6. e4 Nxc3 7. bxc3 cxd4 8. Qxd4 Be7 9. Qxg7 Bf6 10. Qg3 Nc6 11. Bb5 Bd7 12. Ne2 a6 13. Bxc6 Bxc6 14. Qe3 Bb5 15. Bd2 Qd3 16. Qxd3 Bxd3 17. f3 Rc8 18. Rc1 Be7 19. Be3 e5 20. Rd1 Bxe2 21. Kxe2 Rxc3 22. Rd2 Rxe3+ 23. Kxe3 Bg5+ 24. Ke2 Bxd2 25. Kxd2 Ke7 26. Rc1 Rd8+ 27. Ke3 1/2-1/2

[Event "Rohde op 06th"]
[Site "Sautron"]
[Date "2006.10.30"]
[Round "4"]
[White "Tachikart, Yassin"]
[Black "Draoui, Najib"]
[Result "0-1"]
[WhiteElo "2092"]
[BlackElo "2416"]
[PlyCount "62"]
[EventDate "2006.10.28"]
[EventType "swiss"]
[EventRounds "9"]
[EventCountry "FRA"]
[SourceTitle "EXT 2007"]
[Source "ChessBase"]
[SourceDate "2006.11.23"]
[SourceVersion "1"]
[SourceVersionDate "2006.11.23"]
[SourceQuality "1"]

1. d4 d5 2. c4 c6 3. Nc3 Nf6 4. Nf3 a6 5. a3 Bf5 6. e3 e6 7. Be2 Nbd7 8. 0-0 Bd6 9. Re1 Ne4 10. Nxe4 dxe4 11. Nd2 Qg5 12. Nf1 h5 13. d5 exd5 14. cxd5 c5 15. Ng3 Bg6 16. Qa4 Qe7 17. f3 0-0 18. Bd2 b5 19. Qd1 h4 20. Nf1 c4 21. Bc3 Nc5 22. f4 Nb3 23. Rb1 Bc5 24. Bh5 Rad8 25. Qg4 Rxd5 26. Bxg6 fxg6 27. Qxg6 Rxf4 28. Qxa6 Qf7 29. Kh1 Rf2 30. Qxb5 Rdf5 31. Kg1 Rxf1+ 0-1

[Event "FRA-ch U16"]
[Site "Aix les Bains"]
[Date "2006.??.??"]
[Round "8"]
[White "Tachikart, Yassin"]
[Black "Valles, Manuel"]
[Result "1/2-1/2"]
[WhiteElo "2041"]
[BlackElo "2016"]
[PlyCount "57"]
[EventDate "2006.04.16"]
[EventType "swiss"]
[EventRounds "9"]
[EventCountry "FRA"]
[SourceTitle "EXT 2007"]
[Source "ChessBase"]
[SourceDate "2006.11.23"]
[SourceVersion "1"]
[SourceVersionDate "2006.11.23"]
[SourceQuality "1"]

1. d4 d5 2. c4 e5 3. dxe5 d4 4. a3 Nc6 5. e3 Nge7 6. exd4 Qxd4 7. f4 g5 8. Nf3 Qxd1+ 9. Kxd1 gxf4 10. Bxf4 Bg7 11. Bd3 Bg4 12. Nbd2 Nxe5 13. Bxe5 Bxe5 14. Kc2 Bxf3 15. Nxf3 Bd6 16. Rhe1 h6 17. Nd4 0-0-0 18. Nb5 Nc6 19. Nxd6+ Rxd6 20. Rad1 Kd8 21. Kc3 Re8 22. Bf5 Rxe1 23. Rxe1 Ne7 24. Bg4 c5 25. Rd1 Kc7 26. Rxd6 Kxd6 27. Bf3 b6 28. Be4 Ng6 29. g3 1/2-1/2

[Event "FRA-ch U14"]
[Site "Calvi"]
[Date "2005.04.23"]
[Round "8"]
[White "Tachikart, Yassin"]
[Black "Nockels, Nicolas"]
[Result "1-0"]
[WhiteElo "2041"]
[BlackElo "1970"]
[PlyCount "97"]
[EventDate "2005.04.??"]
[EventType "swiss"]
[EventRounds "9"]
[EventCountry "FRA"]
[SourceTitle "EXT 2006"]
[Source "ChessBase"]
[SourceDate "2005.11.24"]
[SourceVersion "1"]
[SourceVersionDate "2005.11.24"]
[SourceQuality "1"]

1. d4 Nf6 2. c4 c5 3. d5 b5 4. cxb5 a6 5. e3 d6 6. Nc3 Nbd7 7. Nf3 g6 8. Be2 Bg7 9. 0-0 0-0 10. e4 axb5 11. Bxb5 Ba6 12. Bxa6 Rxa6 13. Re1 Nb6 14. Qc2 Nfd7 15. b3 c4 16. Be3 Ne5 17. Nxe5 Bxe5 18. Rac1 cxb3 19. axb3 Qa8 20. Qd3 Qb7 21. Nb5 Na8 22. Nd4 Rb6 23. Rb1 Bxd4 24. Bxd4 Rb5 25. Re3 Rb8 26. Rh3 Qd7 27. Qg3 e5 28. Bb2 f5 29. Qc3 Nc7 30. Rc1 Rc5 31. Qd3 Rcb5 32. exf5 Nxd5 33. fxg6 Nf4 34. Qc4+ d5 35. gxh7+ Qxh7 36. Rg3+ Ng6 37. Qc6 R5b6 38. Qxd5+ Qf7 39. Qxf7+ Kxf7 40. Rf3+ Ke6 41. g3 Rxb3 42. Rc6+ Kd5 43. Rxb3 Rxb3 44. Rxg6 Rxb2 45. h4 Ke4 46. Kg2 Kf5 47. h5 e4 48. g4+ Kf4 49. h6 1-0

[Event "FRA-ch U14"]
[Site "Calvi"]
[Date "2005.04.19"]
[Round "3"]
[White "Milandre, Olivier"]
[Black "Tachikart, Yassin"]
[Result "1-0"]
[WhiteElo "1988"]
[BlackElo "2041"]
[PlyCount "75"]
[EventDate "2005.04.??"]
[EventType "swiss"]
[EventRounds "9"]
[EventCountry "FRA"]
[SourceTitle "EXT 2006"]
[Source "ChessBase"]
[SourceDate "2005.11.24"]
[SourceVersion "1"]
[SourceVersionDate "2005.11.24"]
[SourceQuality "1"]

1. Nf3 d5 2. g3 c6 3. c4 dxc4 4. Bg2 Bf5 5. 0-0 Nd7 6. Na3 e6 7. Nxc4 Ngf6 8. d3 Be7 9. b3 0-0 10. Bb2 Qc7 11. Nfe5 Rfe8 12. e4 Bg6 13. Nxg6 hxg6 14. d4 Rad8 15. Qc2 Bf8 16. Rfd1 Nb6 17. Rac1 Nxc4 18. bxc4 Qa5 19. a4 Rd7 20. e5 Nh7 21. Rb1 Qc7 22. h4 Be7 23. Be4 Nf8 24. Kg2 Red8 25. Rh1 f5 26. Bf3 g5 27. hxg5 Bxg5 28. Rh5 Nh7 29. g4 g6 30. Rh2 Rg7 31. Qb3 Bf4 32. Rhh1 Qf7 33. d5 cxd5 34. cxd5 fxg4 35. Bxg4 Rxd5 36. Rbd1 Bxe5 37. Rxd5 Bxb2 38. Rd8+ 1-0

[Event "FRA-ch U14"]
[Site "Calvi"]
[Date "2005.04.18"]
[Round "2"]
[White "Tachikart, Yassin"]
[Black "Iellatchitch, Alexandre"]
[Result "1-0"]
[WhiteElo "2041"]
[BlackElo "1900"]
[PlyCount "77"]
[EventDate "2005.04.??"]
[EventType "swiss"]
[EventRounds "9"]
[EventCountry "FRA"]
[SourceTitle "EXT 2006"]
[Source "ChessBase"]
[SourceDate "2005.11.24"]
[SourceVersion "1"]
[SourceVersionDate "2005.11.24"]
[SourceQuality "1"]

1. d4 Nf6 2. c4 c5 3. d5 b5 4. cxb5 a6 5. Nc3 g6 6. e4 d6 7. Nf3 Bg7 8. bxa6 0-0 9. Be2 Nbd7 10. 0-0 Bxa6 11. Bxa6 Rxa6 12. h3 Qa8 13. Re1 Rb8 14. Qc2 Nb6 15. b3 Ne8 16. Bb2 Nc7 17. Nd2 Nd7 18. Nc4 Ne5 19. Ne3 e6 20. f4 Nd7 21. dxe6 Nxe6 22. Ned5 Qa7 23. Kh1 Nd4 24. Qd3 c4 25. Qxc4 Nc2 26. Nb5 Qc5 27. Qxc5 Nxc5 28. Bxg7 Kxg7 29. Ndc7 Rab6 30. a4 Nxa1 31. Rxa1 Nxb3 32. Rd1 Nc5 33. Rd4 Rd8 34. e5 Nb7 35. exd6 Nxd6 36. a5 Rc6 37. Rxd6 Rdxd6 38. Nxd6 Rxd6 39. Ne8+ 1-0